| 000 | 00686nam a2200229 i 4500 | ||
|---|---|---|---|
| 001 | 79125 | ||
| 003 | ES-MaACL | ||
| 005 | 20230906173915.0 | ||
| 007 | t| | ||
| 008 | 041019s1985 sp ||||1| spa d | ||
| 020 | _a84-205-1004-1 | ||
| 245 | 0 | 0 |
_aHenderson _b: diccionario de términos biológicos / _cSandra Holmes. |
| 250 | _a[1ª ed., trad. de la 9ª inglesa]. | ||
| 260 |
_aMadrid : _bAlhambra, _c1985. |
||
| 300 |
_aX, 1150 p. ; _c24 cm. |
||
| 490 | 1 | _aCiencias y técnica | |
| 650 | 4 |
_aBiología- _vDiccionarios. _9164543 |
|
| 700 | 1 |
_aHolmes, Sandra. _964062 |
|
| 830 | 0 |
_aCiencias y técnica _9183618 |
|
| 852 |
_aES-MaACL _jL-8120 _bR.108591 |
||
| 999 |
_c79125 _d79125 |
||